00327nam a2200133Ia 4500008004100000100002300041245004300064250000600107260003700113300000800150650000800158942001200166999001500178191201s2005 xx 000 0 und d aGAYAKWAD, Ramakant 0aOp-amps and Linear Integrated Circuits a- c2005bPearson EducationaN.Delhi a559 aECE 2ddccBB c7184d7184